00632nam a2200169Ia 4500952013300000999001700133003000400150005001700154008004100171040000900212082001900221100003500240245008900275260004600364300000800410942004400418 00102ddc40708HISTORYaMESbMEScHISd2019-02-20g40.00l0o954.029 SAR/Rp13146r2019-02-20 00:00:00w2019-02-20yBKzGL36R4 c19354d19354OSt20200708143644.0190216s9999||||xx |||||||||||||| ||und|| coclc a954.029bSAR/R aSarkar, Jagadish Narayan93677 0aRomance Of Historiography From Shah Alam 1 To Shah Alam 2 /cJagadish Narayan Sarkar bRatan Prakashan Mandir,c1982.aCalcutta: a86p cBK2ddch954.029iSAR/Rk954.029mSAR/R